1039 1580 1730 1724 1861 1672 1549 1549 1671 1882 1683 1496 1539 1204 1627 1324 1621 1811 1151 1585 1239 1190 1599 1830 1297 1038 1527 1905 1829 1331 1229 1121 1561 1201 1466 1725 1042 1494 1653 1911 1034 1931 1484 1628 1944 1768 1615 1023 1821 1888 1010 1992 1527 1695 1810 1129 1554 1406 1895 1352 1993 1010 1008 1783 1258 1116 1283 1322 1594 1990 1622 1248 1179 1215 1688 1912 1687 1286 1956 1525 1740 1482 1750 1833 1821 1748 1941 1619 1650 1192 1401 1016 1026 1784 1372 1194 1950 1135 1481 BCNSPRNW ULIB Ver.6.0+V

เปลี่ยนเป็นภาษาไทย

Change to English
 แสดงรายละเอียดบรรณานุกรม
  กลับหน้าหลัก

Brief Record : Get Marc (ISO 2709) : E-mail record : QR code < ปิดหน้าต่าง
LEADER : 00000nam 2200000uu 4500
001    13399109387
003     ULIB
008    110331s2545||||th 000 0 tha d
020    9748235467
060 04 WB100^bค181ร 2545
245 00 ความรู้สำหรับประชาชนรู้เรื่องโรค /^cบรรณาธิการ: นิรมลตีรณสาร สวัสดิบุตร ; ผู้เรียบเรียง, คุณหญิง สังวร ปัญญาดิลก ... และคนอื่น ๆ]
246 30 รู้เรื่องโรค
250    พิมพ์ครั้งที่ 6
260    กรุงเทพฯ :^bมูลนิธิสมเด็จพระมหิตลาธิเบศร อดุลยเดชวิกรมพระบรมราชชนก,^c2545
300    ก-ซ, 196 หน้า :^bภาพประกอบสี ;^c30 ซม.
650  7 การดูแลสุขภาพด้วยตนเอง
650  7 โรค
650  7 สุขภาพ
700 0  นิรมล ตีรณสาร สวัสดิบุตร,^eบรรณาธิการ
700 0  สังวร ปัญญาดิลก
710 2  มูลนิธิสมเด็จพระมหิตลาธิเบศร อดุลยเดชวิกรม พระบรมราชชนก
945    ^p0^l0^i019227
995    ทศพร
999 ^a ใช้งานได้ทุกระบบ
รายการนี้ยังไม่มีแท็ก
คุณยังไม่ได้ล็อกอิน คุณสามารถมีกิจกรรมร่วมกับเว็บไซต์ได้ แต่ต้องล็อกอินก่อน ::
  ล็อกอิน

รายการสื่อสารสนเทศ

ลำดับที่ ประเภท เลขเรียก/บาร์โค้ด สถานที่ สถานะ
- ไม่พบข้อมูล -

รายการใกล้เคียง
    หัวเรื่อง [การดูแลสุขภาพด้วยตนเอง]
    หัวเรื่อง [โรค]
    หัวเรื่อง [สุขภาพ]

BibComment


ยังไม่เคยถูกคอมเมนท์

คอมเมนท์ทรัพยากรรายการนี้
  คอมเมนท์: ความรู้สำหรับประช..


 Copyright 2026. Bcnsprnw @Library